01228nam a2200253 a 450000100060000000300080000600500170001400800410003103500190007204000260009104100080011708200240012510000310014924501030018026000320028330000270031550501850034265000290052794200120055699900170056895201450058595201220073095201220085231455BD-RjUL20211209051713.0900912s1980 ii 000 0 eng d a(BD-RjUL)31543 aBD-RjULbengcBD-RjUL aeng a181.4bSAD V-1 19801 aSarkar, Anil Kumar.99570310aDynamic facets of Indian thought /cAnil Kumar SarkarnVol. 1pVedas to the Auxiliary Scriptures . aNew Delhi :bManohar,c1980 axxvii ,184 p. :c23 cm0 av.1. Vedas to the auxiliary scriptures; v.2. Three non-Vedic systems Cārvāka, Jaina and Buddha; v.3. Six Vedic systems and other currents; v.4. Western impact on Indian thought 0aPhilosophy, Indic995704 2ddccBK c31455d31455 00102ddc40718NFICaRUCLbRUCLcReadingd1983-11-27eAsia Fundation Giftl0o181.4 SAD V-1 1980r2014-04-16 00:00:00tC-1w2014-04-16yBK 00102ddc40708NFICaRUCLbRUCLcStackd1983-11-27l0o181.4 SAD V-1 1980r2014-04-23 00:00:00tC-2w2014-04-23yBK 00102ddc40708NFICaRUCLbRUCLcStackd1984-03-08l0o181.4 SAD V-1 1980r2014-04-23 00:00:00tC-3w2014-04-23yBK